| 000 | 00866nam a2200229Ia 4500 | ||
|---|---|---|---|
| 003 | GCL | ||
| 008 | 140319s9999 xx 000 0 ara d | ||
| 040 |
_aGCL / _cGCL |
||
| 082 | 0 | 4 | _a250 ت ا |
| 100 | 1 | _aمحمد حامد الفقى | |
| 245 | 1 | 0 |
_aاقتضاء الصراط المستقيم : _bمخالفة اصحاب الجحيم / _cمحمد حامد الفقى |
| 700 | 1 | _aابن تيمية : تقى الدين ابوالعباس احمد بن عبدالحليم | |
| 260 |
_aبيروت : _bدار الكتب العلمية للنشر والتوزيع ، _c1987 |
||
| 300 |
_a480 ص ؛ _c24 سم |
||
| 490 | _a | ||
| 650 | 0 | 4 | _aالاسلام |
| 650 | 0 | 4 | _aالثقافة الاسلامية |
| 650 | 0 | 4 | _aالعقيدة الاسلامية |
| 650 | 0 | 4 | _aالشريعة الاسلامية |
| 650 | 0 | 4 | _aالفقه الاسلامى |
| 942 |
_2ddc _cBK |
||
| 999 |
_c30971 _d30971 |
||